000 00649nam a22001937a 4500
999 _c60741
_d60741
005 20231018152556.0
008 231018s1990ru xxu||||| |||| 00| 0 rus d
020 _a5020165689
041 _arus
080 _a94 Д- 93
100 _aДьяконов, Игорь
_920105
245 _aЛюди города Ура /
_cИгорь Дьяконов.
250 _aВыпуск втарой
264 _aМосква :
_bНаука. Главная редакция восточной литературы,
_c1990.
300 _a 427 с.:
_b23 см.
653 _aЛюди города Ура
653 _aისტორია
942 _2udc
_cBK